1382 1005 1668 1873 1704 1330 1731 1102 1313 1189 1759 1436 1661 1289 1706 1495 1379 1240 1871 1356 1185 1367 1582 1736 1959 1224 1883 1915 1461 1320 1369 1255 1315 1796 1609 1760 1838 1711 1597 1315 1373 1273 1201 1799 1392 1830 1933 1510 1580 1433 1458 1983 1319 1717 1139 1472 1572 1767 1934 1436 1684 1087 1350 1865 1904 1117 1490 1658 1792 1727 1407 1443 1945 1752 1775 1203 1453 1075 1888 1733 1236 1153 1950 1536 1186 1672 1462 1572 1324 1285 1513 1558 1779 1769 1572 1457 1351 1535 1422 BCNSPRNW ULIB Ver.6.0+V

เปลี่ยนเป็นภาษาไทย

Change to English
 แสดงรายละเอียดบรรณานุกรม
  กลับหน้าหลัก

Brief Record : Get Marc (ISO 2709) : E-mail record : QR code < ปิดหน้าต่าง
LEADER : 00000nam 2200000uu 4500
001    13399113108
003     ULIB
008    110927s2544||||th 000 0 tha d
020    9747521113
050 04 PN1992.8.T45^bธ684ก 2544
100 0  ธีรภาพ โลหิตกุล
245 10 กว่าจะเป็นสารคดี /^cธีรภาพ โลหิตกุล
250    พิมพ์ครั้งที่ 3
260    กรุงเทพฯ :^bแพรวสำนักพิมพ์,^c2544
300    357 หน้า :^bภาพประกอบ (ภาพสีบางภาพ) ;^c21 ซม
500    พิมพ์ครั้งที่ 4 ปีเดียวกัน
505 2  ผู้เขียนบท-ช่างภาพ-ผู้กำกับภาพ --การคิดเป็นภาพและการสร้างอารมณ์เชิงละครในงานสารคดี -- การวางเค้าโครงเรื่องและขั้นตอนการเขียนบทสารคดี -- ตัวอย่างบทสารคดีโทรทัศน์และบทความสารคดีที่คัดสรร
650  7 ภาพยนตร์สารคดี
650  7 การเขียนสารคดี
650  7 สารคดี
945    ^p225^l0^i016084
995    ทศพร
999 ^a ทศพร
รายการนี้ยังไม่มีแท็ก
คุณยังไม่ได้ล็อกอิน คุณสามารถมีกิจกรรมร่วมกับเว็บไซต์ได้ แต่ต้องล็อกอินก่อน ::
  ล็อกอิน

รายการสื่อสารสนเทศ

ลำดับที่ ประเภท เลขเรียก/บาร์โค้ด สถานที่ สถานะ
- ไม่พบข้อมูล -

รายการใกล้เคียง
    ผู้แต่ง [ธีรภาพ โลหิตกุล]

    หัวเรื่อง [สารคดี]

BibComment


ยังไม่เคยถูกคอมเมนท์

คอมเมนท์ทรัพยากรรายการนี้
  คอมเมนท์: กว่าจะเป็นสารคดี ..


 Copyright 2026. Bcnsprnw @Library